[Event "XVII C.to Italiano U20"]
[Site "Bratto - Castione della Presolana ITA"]
[Date "2009.08.29"]
[Round "9"]
[White "Sorbera, Giovanni"]
[Black "Codenotti, Marco"]
[Result "0-1"]
[WhiteElo "1917"]
[BlackElo "2117"]
[PlyCount "142"]
[EventDate "2009.08.21"]

1. Nf3 c5 2. g3 Nf6 3. Bg2 g6 4. d4 cxd4 5. Nxd4 Bg7 6. O-O Nc6 7. c4 O-O 8.
Nc3 Nxd4 9. Qxd4 d6 10. Qd3 Bf5 11. e4 Be6 12. Nd5 Rc8 13. Be3 Ng4 14. Bd4 Ne5
15. Bxe5 Bxe5 16. Rab1 Bxd5 17. exd5 Qa5 18. a3 Rc7 19. b4 Qa6 20. f4 Bf6 21.
Rfc1 Rfc8 22. b5 Qb6+ 23. Kh1 Rc5 24. Bh3 Ra8 25. f5 Kg7 26. Rf1 a6 27. fxg6
hxg6 28. a4 axb5 29. Rxb5 Rxb5 30. axb5 Qc5 31. Rc1 Bg5 32. Rc2 Ra3 33. Qe2 Qd4
34. Bf1 Qf6 35. Kg2 Re3 36. Qf2 Qd4 37. h4 Qe4+ 38. Kh2 Bxh4 39. gxh4 Rf3 40.
Qe2 Qxh4+ 41. Kg1 Qd4+ 42. Kh1 Qh4+ 43. Kg1 Qd4+ 44. Kh1 Qf4 45. Bg2 Qh4+ 46.
Kg1 Qd4+ 47. Kh1 Rf5 48. Bh3 Rh5 49. Kg2 Rg5+ 50. Kf3 Qf6+ 51. Ke3 Re5+ 52. Kd3
Rxe2 53. Rxe2 Qf3+ 54. Re3 Qd1+ 55. Kc3 Qa1+ 56. Kb3 Qd4 57. Rxe7 Qd3+ 58. Kb4
Qxh3 59. Rxb7 Qe3 60. Rc7 Qd2+ 61. Ka4 g5 62. b6 Qb2 63. Ka5 g4 64. Re7 g3 65.
Ka6 g2 66. Re1 Qa2+ 67. Kb7 Qf2 68. Rc1 g1=Q 69. Rxg1+ Qxg1 70. Ka6 Qd4 71. b7
Qxc4+ 0-1

[Event "XVII C.to Italiano U20"]
[Site "Bratto - Castione della Presolana ITA"]
[Date "2009.08.29"]
[Round "9"]
[White "Stella, Luca"]
[Black "Bellemo, Davide"]
[Result "1/2-1/2"]
[WhiteElo "1987"]
[BlackElo "2092"]
[PlyCount "89"]
[EventDate "2009.08.21"]

1. e4 e5 2. Bc4 Bc5 3. Nc3 Nc6 4. Qg4 g6 5. Qg3 d6 6. Nge2 Be6 7. Bxe6 fxe6 8.
Na4 Bb6 9. Nxb6 axb6 10. c3 Nf6 11. d3 O-O 12. O-O Nh5 13. Qh3 Qe7 14. Bh6 Rf7
15. Qg4 d5 16. Be3 Kg7 17. Ng3 Nxg3 18. Qxg3 d4 19. cxd4 exd4 20. Bd2 e5 21. f4
exf4 22. Bxf4 Raf8 23. Rf3 Kg8 24. h4 Rc8 25. Raf1 Qe6 26. h5 b5 27. Qh2 Re8
28. hxg6 hxg6 29. Rh3 Kf8 30. Bh6+ Ke7 31. Bf4 Kf8 32. Rh7 Ne5 33. Bh6+ Kg8 34.
Rfxf7 Nxf7 35. Rg7+ Kh8 36. Qxc7 Re7 37. Qh2 g5 38. Qb8+ Re8 39. Rg6 Rxb8 40.
Rxe6 Kh7 41. Re7 Kg6 42. Re6+ Kh7 43. Re7 Kg6 44. Re6+ Kh7 45. Re7 1/2-1/2

[Event "XVII C.to Italiano U20"]
[Site "Bratto - Castione della Presolana ITA"]
[Date "2009.08.29"]
[Round "9"]
[White "Testa, Adriano"]
[Black "Bonafede, Alessandro"]
[Result "1/2-1/2"]
[WhiteElo "2142"]
[BlackElo "2288"]
[PlyCount "95"]
[EventDate "2009.08.21"]

1. e4 c5 2. Nf3 Nc6 3. Bb5 g6 4. Bxc6 dxc6 5. d3 Bg7 6. h3 Nf6 7. Nc3 Nd7 8.
Be3 e5 9. Qd2 Qe7 10. Bh6 Bxh6 11. Qxh6 f6 12. Nh2 Nf8 13. Ne2 Bd7 14. O-O-O
O-O-O 15. Rhf1 f5 16. Nf3 Rg8 17. Qg5 Qf7 18. Nxe5 Qxa2 19. Nc4 Be6 20. Nc3 Qa6
21. Qe7 Bxc4 22. dxc4 Nd7 23. Rd6 Rge8 24. Qxh7 Ne5 25. Rfd1 Nxc4 26. Rxd8+
Rxd8 27. Rxd8+ Kxd8 28. Nb1 Nd6 29. Nd2 Qe2 30. Qh4+ Kc8 31. c3 Nxe4 32. Nxe4
fxe4 33. Qg3 Kd7 34. Qxg6 Qf1+ 35. Kd2 Qxf2+ 36. Kd1 Qf1+ 37. Kc2 Qe2+ 38. Kc1
Kc7 39. Qf7+ Kb6 40. Qb3+ Kc7 41. Qf7+ Kd6 42. Qf6+ Kd5 43. Qf5+ Kc4 44. Qe6+
Kd3 45. Qd6+ Kc4 46. Qe6+ Kb5 47. Qb3+ Ka6 48. Qa2+ 1/2-1/2

[Event "XXI Festival A"]
[Site "Porto San Giorgio ITA"]
[Date "2009.08.21"]
[Round "1"]
[White "Aleksic, Nenad"]
[Black "Cecchetto, Vanni"]
[Result "1-0"]
[WhiteElo "2367"]
[BlackElo "1970"]
[PlyCount "63"]
[EventDate "2009.08.21"]

1. e4 c5 2. Nf3 d6 3. d4 cxd4 4. Nxd4 Nf6 5. Nc3 g6 6. Bc4 Bg7 7. h3 O-O 8. O-O
Nc6 9. Be3 Nxd4 10. Bxd4 Bd7 11. Bb3 Bc6 12. Qd3 Qa5 13. Rfe1 e5 14. Be3 Rad8
15. Bg5 Rd7 16. Bxf6 Bxf6 17. Rad1 Be7 18. Qe3 Kg7 19. Nd5 Bd8 20. c3 f5 21.
Re2 fxe4 22. Qxe4 Rdf7 23. Qc2 Qc5 24. Nb4 Rf6 25. Nd5 Rxf2 26. Rxf2 Bh4 27.
Rdd2 Bg3 28. c4 Bxd5 29. cxd5 Qe3 30. Bc4 Qe1+ 31. Rf1 Rxf1+ 32. Bxf1 1-0

[Event "XXI Festival A"]
[Site "Porto San Giorgio ITA"]
[Date "2009.08.21"]
[Round "1"]
[White "Altini, Nicola"]
[Black "Fedorchuk, Sergey A."]
[Result "0-1"]
[WhiteElo "2078"]
[BlackElo "2655"]
[PlyCount "94"]
[EventDate "2009.08.21"]

1. d4 Nf6 2. Nf3 e6 3. Nbd2 c5 4. e3 b6 5. Bd3 Bb7 6. b3 cxd4 7. exd4 Nd5 8.
Bb2 Nf4 9. Bf1 Bb4 10. a3 Be7 11. g3 Ng6 12. Bg2 b5 13. O-O O-O 14. Ne5 Bxg2
15. Kxg2 Nc6 16. Ndf3 Bf6 17. Nxg6 hxg6 18. Qd3 Qb6 19. Ne5 Rfd8 20. f4 Rac8
21. Rf2 Ne7 22. a4 b4 23. Nc4 Qc6+ 24. Qf3 Nf5 25. Rd1 d5 26. Ne5 Qb7 27. Rd3
Rc7 28. Qd1 Nd6 29. Ng4 Ne4 30. Re2 Rdc8 31. Nf2 Nd6 32. Kg1 Rc6 33. Rdd2 Bd8
34. Kg2 g5 35. Nd3 gxf4 36. gxf4 Bf6 37. Nf2 Qc7 38. Ba1 a5 39. Kh1 Nf5 40. Nh3
g6 41. Qf1 Kg7 42. Bb2 Rh8 43. Ba1 Rh4 44. Kg1 Qb6 45. Kh1 Rc8 46. Rd3 Rch8 47.
Red2 Qa6 0-1

[Event "XXI Festival A"]
[Site "Porto San Giorgio ITA"]
[Date "2009.08.21"]
[Round "1"]
[White "Baklan, Vladimir"]
[Black "Spada, Angelo"]
[Result "1-0"]
[WhiteElo "2639"]
[BlackElo "2070"]
[PlyCount "50"]
[EventDate "2009.08.21"]

1. e4 e5 2. Nf3 Nc6 3. Bb5 Bc5 4. c3 f5 5. exf5 e4 6. d4 exf3 7. dxc5 Qe7+ 8.
Be3 Ne5 9. gxf3 b6 10. Rg1 Bb7 11. Nd2 Nh6 12. f4 Nxf5 13. fxe5 Nxe3 14. fxe3
Qh4+ 15. Rg3 O-O-O 16. Qe2 Rhe8 17. O-O-O Rxe5 18. Nf3 Bxf3 19. Qxf3 c6 20.
Rxd7 Rd5 21. Rxd5 Rxd5 22. Ba6+ Kc7 23. Rxg7+ Kb8 24. Rg8+ Kc7 25. Qf7+ Rd7 1-0

[Event "XXI Festival A"]
[Site "Porto San Giorgio ITA"]
[Date "2009.08.21"]
[Round "1"]
[White "Bianchi, Alberto"]
[Black "Izsak, Gyula"]
[Result "0-1"]
[WhiteElo "2014"]
[BlackElo "2444"]
[PlyCount "70"]
[EventDate "2009.08.21"]

1. e4 c5 2. Nf3 e6 3. Nc3 a6 4. d4 cxd4 5. Nxd4 Qc7 6. Be2 Nf6 7. O-O Nc6 8.
Nxc6 bxc6 9. Kh1 d5 10. exd5 cxd5 11. Bf3 Bb7 12. Ne2 Bd6 13. Bg5 Nd7 14. g3
O-O 15. Bg2 Nc5 16. Be3 Rfd8 17. Bxc5 Bxc5 18. Nf4 Bd6 19. Nd3 e5 20. Ne1 Rab8
21. c3 a5 22. f3 h5 23. f4 Ba6 24. Rf2 Bc5 25. Rc2 exf4 26. gxf4 Be3 27. Qxh5
Rb6 28. Rd1 Bxf4 29. h3 Bb7 30. Rd4 Rh6 31. Qf3 Rf6 32. Qh5 g6 33. Qd1 Be5 34.
Rg4 d4 35. cxd4 Rf1# 0-1

[Event "XXI Festival A"]
[Site "Porto San Giorgio ITA"]
[Date "2009.08.21"]
[Round "1"]
[White "Boyarchenko, Marie"]
[Black "Lalic, Bogdan"]
[Result "0-1"]
[WhiteElo "2028"]
[BlackElo "2517"]
[PlyCount "72"]
[EventDate "2009.08.21"]

1. e4 c5 2. Nf3 Nc6 3. Bb5 Nf6 4. e5 Nd5 5. O-O Nc7 6. Bxc6 bxc6 7. Re1 g6 8.
Nc3 Bg7 9. Ne4 Ne6 10. d3 O-O 11. Be3 d6 12. Qd2 dxe5 13. Nxc5 e4 14. Nxe4 Bxb2
15. Rab1 Bh8 16. Qb4 Bg7 17. Neg5 h6 18. Ne4 Qc7 19. Nc5 Rd8 20. a4 Nxc5 21.
Bxc5 e5 22. Qh4 Rd5 23. Be3 g5 24. Qh5 Bf5 25. Rb4 a5 26. Rb3 Qc8 27. h3 e4 28.
dxe4 Bxe4 29. Nd2 Bxc2 30. Ra3 Qd7 31. Nc4 Rd1 32. Rxd1 Bxd1 33. Nb6 Qd6 34. g4
Qxa3 35. Nxa8 Bf3 36. Kh2 Qd6+ 0-1

[Event "XXI Festival A"]
[Site "Porto San Giorgio ITA"]
[Date "2009.08.21"]
[Round "1"]
[White "Castaldo, Folco"]
[Black "Mandolini, Riccardo"]
[Result "1-0"]
[WhiteElo "2401"]
[BlackElo "1977"]
[PlyCount "81"]
[EventDate "2009.08.21"]

1. e4 c6 2. d4 d5 3. f3 dxe4 4. fxe4 e5 5. Nf3 exd4 6. Bc4 Bb4+ 7. c3 dxc3 8.
Bxf7+ Ke7 9. Qxd8+ Kxd8 10. Nxc3 Nf6 11. Bd2 Ke7 12. Bb3 Be6 13. Bxe6 Kxe6 14.
Nd4+ Kf7 15. a3 Bxc3 16. Bxc3 Re8 17. O-O Nbd7 18. Nf5 Kg8 19. Nd6 Re6 20. Rad1
b6 21. Nf5 Rxe4 22. Nxg7 Nd5 23. Nf5 Ne5 24. Bd4 Rf8 25. h3 h5 26. Ng3 Rxf1+
27. Kxf1 Rf4+ 28. Kg1 Nc4 29. Nxh5 Re4 30. Ng3 Re6 31. a4 Nf4 32. Rf1 c5 33.
Bc3 Nd5 34. Nf5 Re2 35. Rf2 Nxc3 36. bxc3 Re1+ 37. Kh2 Ra1 38. g4 Rxa4 39. Re2
b5 40. g5 Ra3 41. g6 1-0

[Event "XXI Festival A"]
[Site "Porto San Giorgio ITA"]
[Date "2009.08.21"]
[Round "1"]
[White "Castrogiovanni, Carlo"]
[Black "Naumkin, Igor"]
[Result "0-1"]
[WhiteElo "2020"]
[BlackElo "2481"]
[PlyCount "67"]
[EventDate "2009.08.21"]

1. d4 e6 2. c4 f5 3. g3 Nf6 4. Bg2 Bb4+ 5. Bd2 Bxd2+ 6. Qxd2 O-O 7. Nc3 d6 8.
Nh3 Qe8 9. O-O c6 10. b4 e5 11. dxe5 dxe5 12. f4 e4 13. e3 Be6 14. c5 Na6 15.
Rfd1 Bf7 16. Nf2 Bh5 17. Ne2 Nd5 18. a3 Rd8 19. Kh1 Qe7 20. Qa2 Bf7 21. Rxd5
Rxd5 22. Qc2 Nc7 23. Bf1 Rfd8 24. Nd4 Ne6 25. Nb3 Qf6 26. Re1 R5d7 27. Bc4 h6
28. Bxe6 Bxe6 29. Nd4 g5 30. Nd1 gxf4 31. gxf4 Rg7 32. Qf2 Bd5 33. Nc3 Qxd4 34.
Nb1 0-1

[Event "XXI Festival A"]
[Site "Porto San Giorgio ITA"]
[Date "2009.08.21"]
[Round "1"]
[White "Estremera Panos, Sergio"]
[Black "Ragonese, Lucio Rosario"]
[Result "1-0"]
[WhiteElo "2394"]
[BlackElo "1977"]
[PlyCount "53"]
[EventDate "2009.08.21"]

1. d4 f5 2. g3 Nf6 3. Bg2 g6 4. Nh3 Bg7 5. c4 O-O 6. Nc3 c6 7. Nf4 d6 8. d5 e5
9. dxe6 Re8 10. O-O Bxe6 11. Nxe6 Rxe6 12. Rb1 Nbd7 13. b4 Qc7 14. Qb3 Kh8 15.
Bb2 Rae8 16. Rbd1 Ne5 17. Rd2 Ne4 18. Nxe4 fxe4 19. Rfd1 e3 20. fxe3 Ng4 21. e4
Qb6+ 22. c5 dxc5 23. Bxg7+ Kxg7 24. Qc3+ Nf6 25. bxc5 Qa6 26. Rf1 R8e7 27. Rd6
1-0

[Event "XXI Festival A"]
[Site "Porto San Giorgio ITA"]
[Date "2009.08.21"]
[Round "1"]
[White "Faccia, Sergio"]
[Black "Farago, Ivan"]
[Result "0-1"]
[WhiteElo "2023"]
[BlackElo "2511"]
[PlyCount "80"]
[EventDate "2009.08.21"]

1. e4 c5 2. b4 cxb4 3. Bb2 d5 4. exd5 Qxd5 5. c4 bxc3 6. Nxc3 Qd8 7. d4 e6 8.
Nf3 Nf6 9. Bc4 Nbd7 10. d5 exd5 11. Nxd5 Nxd5 12. Qxd5 Bb4+ 13. Kf1 O-O 14. Rd1
Qe7 15. Qd4 Nf6 16. Qh4 Bf5 17. Qg5 Rad8 18. Rc1 Be6 19. Bxe6 fxe6 20. h4 Rd5
21. Be5 Ne4 22. Qxe7 Bxe7 23. Ke2 Nxf2 24. Kxf2 Rxe5 25. Rc7 Bc5+ 26. Kg3 Bd6
27. Rd7 Re1+ 28. Rxd6 Rxh1 29. Rxe6 h6 30. Re7 Rf7 31. Re8+ Kh7 32. Kg4 Ra1 33.
h5 Rxa2 34. Nh4 Ra4+ 35. Kh3 Ra5 36. g4 Ra3+ 37. Kg2 Rc7 38. Nf3 Rc2+ 39. Kg3
Rcc3 40. Rf8 a5 0-1

[Event "XXI Festival A"]
[Site "Porto San Giorgio ITA"]
[Date "2009.08.21"]
[Round "1"]
[White "Fiorentini, Paolo"]
[Black "Fierro Baquero, Martha Lorena"]
[Result "0-1"]
[WhiteElo "1973"]
[BlackElo "2394"]
[PlyCount "130"]
[EventDate "2009.08.21"]

1. e4 c5 2. Nf3 g6 3. d4 cxd4 4. Nxd4 Nc6 5. Nc3 Bg7 6. Be3 Nf6 7. Bc4 O-O 8.
Bb3 d6 9. f3 Bd7 10. Qd2 Nxd4 11. Bxd4 b5 12. O-O b4 13. Nd5 Nxd5 14. Bxd5
Bxd4+ 15. Qxd4 Rc8 16. Rac1 a5 17. Bc4 Qc7 18. Bd3 Qc5 19. Qxc5 Rxc5 20. Kf2
Be6 21. b3 Rfc8 22. Ke2 Bd7 23. Kd2 Rc3 24. Rfe1 Be6 25. Re3 Kg7 26. Be2 R3c5
27. Bd3 R8c7 28. Ree1 d5 29. exd5 Rxd5 30. Ke2 a4 31. Red1 Rdc5 32. Kd2 Ra5 33.
Re1 Bd5 34. Kd1 h5 35. Rf1 e5 36. Kd2 Kf6 37. Rce1 axb3 38. axb3 Ra2 39. Ke3
Rca7 40. Rc1 Kg5 41. g3 f5 42. f4+ exf4+ 43. Rxf4 Re7+ 44. Kd2 Rb7 45. Ke3 Kf6
46. Kd4 Ra5 47. Re1 Be6 48. Ke3 g5 49. Rd4 Re5+ 50. Kd2 Rxe1 51. Kxe1 Ke5 52.
Rd8 f4 53. Rh8 Bf7 54. Rh7 fxg3 55. hxg3 Kf6 56. Kf2 Rb8 57. Ke3 Re8+ 58. Kf2
Rf8 59. Ke3 g4 60. Rh6+ Ke5 61. Rh7 Be8 62. Be4 Bf7 63. Rg7 Kf6 64. Rh7 Re8 65.
Kf4 Rxe4+ 0-1

[Event "XXI Festival A"]
[Site "Porto San Giorgio ITA"]
[Date "2009.08.21"]
[Round "1"]
[White "Giudici, Alberto"]
[Black "Kizov, Atanas"]
[Result "0-1"]
[WhiteElo "1977"]
[BlackElo "2397"]
[PlyCount "78"]
[EventDate "2009.08.21"]

1. d4 Nf6 2. Bf4 c5 3. c3 cxd4 4. cxd4 Qb6 5. Qc1 Nc6 6. e3 d5 7. Nc3 Bf5 8.
Bb5 Rc8 9. Nf3 a6 10. Bxc6+ Rxc6 11. Ne5 Rc8 12. O-O Qd8 13. Qd1 b5 14. Qb3 e6
15. Nxb5 Bc2 16. Nd6+ Bxd6 17. Qb7 Bxe5 18. Bxe5 Bd3 19. Rfc1 O-O 20. Rd1 Bb5
21. a4 Qd7 22. Qxd7 Bxd7 23. b4 Ne4 24. f3 Nc3 25. Rd3 Rc6 26. b5 axb5 27. axb5
Nxb5 28. Rb3 Rfc8 29. g4 f6 30. Bg3 Rc1+ 31. Rxc1 Rxc1+ 32. Kg2 Rc2+ 33. Bf2 e5
34. dxe5 fxe5 35. h3 Bc6 36. Kg3 Kf7 37. h4 Ke6 38. Be1 d4 39. Bf2 Rc3 0-1

[Event "XXI Festival A"]
[Site "Porto San Giorgio ITA"]
[Date "2009.08.21"]
[Round "1"]
[White "Gordon, Stephen J."]
[Black "Allegranti, Luca"]
[Result "1-0"]
[WhiteElo "2537"]
[BlackElo "2030"]
[PlyCount "69"]
[EventDate "2009.08.21"]

1. d4 f5 2. Nc3 Nf6 3. Bg5 d5 4. Bxf6 exf6 5. e3 Be6 6. Bb5+ c6 7. Bd3 Qd7 8.
Qf3 Bd6 9. Nge2 g6 10. h3 h5 11. g4 Na6 12. Bxa6 bxa6 13. gxh5 Rxh5 14. Nf4 Rh6
15. Nd3 Ke7 16. Na4 Rah8 17. Nac5 Qc8 18. O-O-O R8h7 19. Qg2 g5 20. f3 Kf7 21.
Rde1 f4 22. exf4 Bxh3 23. Qd2 gxf4 24. Nxf4 Rh4 25. Ncd3 Bf5 26. Rxh4 Rxh4 27.
Qe3 a5 28. Kb1 a4 29. a3 Qb8 30. Ne6 Rh2 31. Nec5 Bxc5 32. dxc5 Qf8 33. Qf4 Rh5
34. Qc7+ Kg8 35. Qxc6 1-0

[Event "XXI Festival A"]
[Site "Porto San Giorgio ITA"]
[Date "2009.08.21"]
[Round "1"]
[White "Hera, Imre jr"]
[Black "Maksimovic, Miodrag"]
[Result "1-0"]
[WhiteElo "2557"]
[BlackElo "2041"]
[PlyCount "81"]
[EventDate "2009.08.21"]

1. Nf3 c5 2. c4 Nc6 3. d4 cxd4 4. Nxd4 Qb6 5. Nb5 Nf6 6. N1c3 a6 7. Qa4 Rb8 8.
Na3 e6 9. g3 Qb4 10. Qxb4 Bxb4 11. Bf4 Bxc3+ 12. bxc3 e5 13. Be3 O-O 14. Bg2
Re8 15. O-O Ne7 16. Bb6 e4 17. Bc7 Ra8 18. c5 Nfd5 19. Ba5 Nc6 20. Rad1 Ne3 21.
fxe3 Nxa5 22. Rd4 d5 23. cxd6 Bd7 24. Rxe4 Bc6 25. Rxe8+ Rxe8 26. Rf5 b6 27.
Rxa5 Bxg2 28. Rxa6 Bh3 29. Nc4 b5 30. Nb6 Kf8 31. Kf2 f6 32. Ra8 Rxa8 33. Nxa8
Be6 34. a3 Bd5 35. Nc7 Bc6 36. Ne6+ Ke8 37. Nd4 Bd7 38. e4 g6 39. Ke3 Kf7 40.
Kd3 f5 41. e5 1-0

[Event "XXI Festival A"]
[Site "Porto San Giorgio ITA"]
[Date "2009.08.21"]
[Round "1"]
[White "Kohlweyer, Bernd"]
[Black "Burani, Eugenio"]
[Result "1-0"]
[WhiteElo "2418"]
[BlackElo "1993"]
[PlyCount "46"]
[EventDate "2009.08.21"]

1. d4 Nf6 2. c4 c5 3. d5 e6 4. Nc3 exd5 5. cxd5 d6 6. e4 g6 7. f4 Bg7 8. Bb5+
Nfd7 9. Be2 O-O 10. Nf3 Na6 11. O-O Nc7 12. a4 Re8 13. Nd2 Nf6 14. Ra3 b6 15.
Re1 h5 16. h3 Ng4 17. Nf3 Nf6 18. Bc4 Nd7 19. e5 dxe5 20. d6 Na6 21. Bxf7+ Kxf7
22. Qd5+ Kf8 23. Ng5 Nab8 1-0

[Event "XXI Festival A"]
[Site "Porto San Giorgio ITA"]
[Date "2009.08.21"]
[Round "1"]
[White "Kovchan, Alexander"]
[Black "Parrini, Daniele"]
[Result "1-0"]
[WhiteElo "2554"]
[BlackElo "2036"]
[PlyCount "63"]
[EventDate "2009.08.21"]

1. e4 d6 2. d4 Nf6 3. Nc3 g6 4. f4 Bg7 5. Nf3 O-O 6. Bd3 Na6 7. O-O c5 8. d5
Bg4 9. Bc4 Nc7 10. h3 Bxf3 11. Qxf3 e6 12. dxe6 fxe6 13. Be3 b6 14. Rad1 Qe7
15. a4 a6 16. Bf2 Nd7 17. Qd3 Rxf4 18. Qxd6 Qxd6 19. Rxd6 Ne5 20. Be2 Rb8 21.
Bg3 Rxf1+ 22. Bxf1 Kf7 23. a5 bxa5 24. Na4 Rb4 25. b3 Ke7 26. Rd1 Nb5 27. Nxc5
Nc3 28. Bh4+ Bf6 29. Bxf6+ Kxf6 30. Rd6 Nf7 31. Rxe6+ Kg5 32. Rxa6 1-0

[Event "XXI Festival A"]
[Site "Porto San Giorgio ITA"]
[Date "2009.08.21"]
[Round "1"]
[White "Laghetti, Gaetano"]
[Black "Ranieri, Fabrizio"]
[Result "0-1"]
[WhiteElo "1919"]
[BlackElo "2264"]
[PlyCount "56"]
[EventDate "2009.08.21"]

1. d4 e6 2. c4 d5 3. Nf3 Nf6 4. e3 Nbd7 5. Nc3 c6 6. Bd3 Be7 7. b3 O-O 8. O-O
a6 9. Bb2 b5 10. Ne5 Nxe5 11. dxe5 Nd7 12. f4 g6 13. cxd5 cxd5 14. e4 b4 15.
Na4 Nc5 16. Nxc5 Bxc5+ 17. Kh1 Bb7 18. Re1 Bf2 19. Re2 Qh4 20. g4 Rfd8 21. Qf1
dxe4 22. Bxe4 Bxe4+ 23. Rxe4 Rd2 24. Bc1 Rc2 25. Rc4 Rc8 26. h3 R8xc4 27. bxc4
Qg3 28. Rb1 Bd4 0-1

[Event "XXI Festival A"]
[Site "Porto San Giorgio ITA"]
[Date "2009.08.21"]
[Round "1"]
[White "Marozzi, Giovanni"]
[Black "Mrdja, Milan"]
[Result "0-1"]
[WhiteElo "1991"]
[BlackElo "2418"]
[PlyCount "96"]
[EventDate "2009.08.21"]

1. c4 e5 2. Nc3 Nf6 3. g3 Bb4 4. Bg2 Bxc3 5. bxc3 O-O 6. d4 d6 7. e3 Qe7 8. Ne2
Nc6 9. Ba3 Re8 10. h3 Rb8 11. O-O Bd7 12. c5 e4 13. c4 Na5 14. Qc2 b6 15. Nf4
g5 16. Nd5 Nxd5 17. cxd5 Bb5 18. Rfc1 Bd3 19. Qa4 dxc5 20. dxc5 Qe5 21. d6 cxd6
22. cxd6 Nc4 23. d7 Red8 24. Bb4 a5 25. Bc3 Qd5 26. Bd4 b5 27. Qd1 Qf5 28. Qh5
Rxd7 29. h4 Rd5 30. Qh6 Qg6 31. Qxg6+ hxg6 32. hxg5 Rxg5 33. Bf1 Bxf1 34. Kxf1
Nd2+ 35. Ke2 Nf3 36. Bb2 Rd5 37. Rd1 Rbd8 38. Rxd5 Rxd5 39. Rd1 Rxd1 40. Kxd1
f5 41. a3 Kf7 42. Bc3 a4 43. Bb4 Ke6 44. Kc2 Kd5 45. Kc3 Ne5 46. Be7 Ng4 47.
Kb4 Kc6 48. Bg5 Nxf2 0-1

[Event "XXI Festival A"]
[Site "Porto San Giorgio ITA"]
[Date "2009.08.21"]
[Round "1"]
[White "Mogranzini, Roberto"]
[Black "Padovani, Alessio"]
[Result "1-0"]
[WhiteElo "2415"]
[BlackElo "1991"]
[PlyCount "138"]
[EventDate "2009.08.21"]

1. e4 d5 2. exd5 Qxd5 3. Nc3 Qa5 4. Bc4 Nf6 5. d3 Bf5 6. Nge2 c6 7. Ng3 Bg4 8.
f3 Bh5 9. Qe2 e6 10. Bd2 Qc7 11. Nxh5 Nxh5 12. g3 Nd7 13. f4 Nhf6 14. f5 O-O-O
15. fxe6 fxe6 16. O-O-O e5 17. g4 Bb4 18. Rhf1 Rhf8 19. Rde1 Qd6 20. a3 Bxc3
21. Bxc3 Nd5 22. Bd2 Rxf1 23. Rxf1 Rf8 24. Rxf8+ Qxf8 25. Kb1 g6 26. Qg2 Qf7
27. Bc1 Kc7 28. h4 b5 29. Ba2 N7b6 30. c4 bxc4 31. dxc4 Nf4 32. Qe4 Qf6 33. Be3
Ne6 34. Bb3 Nd4 35. Bxd4 exd4 36. g5 Qd6 37. c5 Qxc5 38. Bg8 Nc4 39. Qf4+ Kb6
40. Bxh7 d3 41. Bxg6 Nxa3+ 42. Ka2 Nc2 43. Qb8+ Ka5 44. Qd8+ Kb4 45. Qxd3 Nd4
46. Qa3+ Kc4 47. Bd3+ Kd5 48. Qxc5+ Kxc5 49. g6 Ne6 50. h5 Kd6 51. h6 Nf4 52.
g7 Nxd3 53. g8=Q Nb4+ 54. Kb3 Nd5 55. Qxd5+ cxd5 56. h7 Ke7 57. h8=Q Kd6 58.
Qb8+ Kc6 59. Qxa7 Kd6 60. Kc3 Ke5 61. Qc5 Ke4 62. Qd4+ Kf3 63. Qxd5+ Kf4 64. b4
Ke3 65. b5 Kf4 66. b6 Ke3 67. b7 Kf4 68. b8=Q+ Ke3 69. Qg3+ Ke2 1-0

[Event "XXI Festival A"]
[Site "Porto San Giorgio ITA"]
[Date "2009.08.21"]
[Round "1"]
[White "Movsziszian, Karen"]
[Black "Vanacore, Francesco"]
[Result "1-0"]
[WhiteElo "2570"]
[BlackElo "2055"]
[PlyCount "67"]
[EventDate "2009.08.21"]

1. g3 Nf6 2. Bg2 g6 3. e4 d6 4. d4 Bg7 5. Ne2 O-O 6. Nbc3 e5 7. h3 c6 8. a4 a5
9. Be3 Be6 10. O-O Nbd7 11. d5 cxd5 12. exd5 Bf5 13. g4 Bxg4 14. hxg4 Nxg4 15.
Bh3 Nxe3 16. fxe3 Qg5+ 17. Kh2 Nf6 18. e4 Ng4+ 19. Bxg4 Qxg4 20. Ng3 Qh4+ 21.
Kg2 Qg5 22. Qc1 Qg4 23. Nd1 Qd7 24. Qg5 f6 25. Qh4 Rf7 26. Qh3 Qc7 27. Nc3 Qb6
28. Nb5 Qc5 29. Qe6 Rd8 30. Rf2 Kf8 31. Ra3 Re7 32. Qh3 Kg8 33. Rc3 Qb4 34. b3
1-0

[Event "XXI Festival A"]
[Site "Porto San Giorgio ITA"]
[Date "2009.08.21"]
[Round "1"]
[White "Nemeth, Miklos"]
[Black "Aglietti, Graziano"]
[Result "1-0"]
[WhiteElo "2486"]
[BlackElo "2022"]
[PlyCount "61"]
[EventDate "2009.08.21"]

1. e4 e6 2. d4 d5 3. Nd2 c5 4. exd5 exd5 5. Ngf3 Nf6 6. Be2 Nc6 7. dxc5 Bxc5 8.
Nb3 Be7 9. O-O O-O 10. Nfd4 Bd7 11. Bf4 Rc8 12. c3 Na5 13. Bd3 Nc4 14. Qc2 Bd6
15. Bxd6 Nxd6 16. Rad1 Re8 17. Ne2 Ng4 18. Nbd4 Qh4 19. Nf3 Qh6 20. Ng3 g6 21.
Qb3 Nc4 22. h3 Nf6 23. Rfe1 Qf4 24. Rxe8+ Rxe8 25. Bxc4 dxc4 26. Qxb7 Rb8 27.
Qxa7 Rxb2 28. Rxd7 Nxd7 29. Qxd7 Qc1+ 30. Kh2 Rxf2 31. Qd8+ 1-0

[Event "XXI Festival A"]
[Site "Porto San Giorgio ITA"]
[Date "2009.08.21"]
[Round "1"]
[White "Occhipinti, Giuseppe"]
[Black "Vuelban, Virgilio"]
[Result "0-1"]
[WhiteElo "1980"]
[BlackElo "2404"]
[PlyCount "65"]
[EventDate "2009.08.21"]

1. e4 c5 2. Nf3 Nc6 3. d4 cxd4 4. Nxd4 Nf6 5. Nc3 d6 6. Bc4 e6 7. Be3 Be7 8.
Qe2 O-O 9. O-O-O a6 10. Rhg1 Qc7 11. Bb3 Na5 12. g4 b5 13. g5 Nd7 14. Kb1 Nc5
15. Qh5 Naxb3 16. axb3 Re8 17. Rg3 g6 18. Qh4 Bd7 19. Qh6 Bf8 20. Qh4 b4 21.
Rh3 h5 22. gxh6 Qd8 23. Bg5 Be7 24. Bxe7 Qxe7 25. h7+ Kh8 26. Qh6 bxc3 27. Rh4
cxb2 28. Nf3 e5 29. Qe3 a5 30. Ng5 Ne6 31. Rxd6 Nxg5 32. Rxd7 Qa3 33. Rd6 0-1

[Event "XXI Festival A"]
[Site "Porto San Giorgio ITA"]
[Date "2009.08.21"]
[Round "1"]
[White "Parenti, Davide"]
[Black "Jones, Gawain C.B."]
[Result "0-1"]
[WhiteElo "2037"]
[BlackElo "2554"]
[PlyCount "80"]
[EventDate "2009.08.21"]

1. d4 Nf6 2. Nf3 g6 3. c4 Bg7 4. Nc3 d6 5. g3 O-O 6. Bg2 Nbd7 7. O-O e5 8. dxe5
dxe5 9. e4 c6 10. Qc2 Qe7 11. Bd2 Nc5 12. Rad1 Bg4 13. h3 Bxf3 14. Bxf3 Qe6 15.
Be3 b6 16. Bxc5 bxc5 17. Bg2 h5 18. Ne2 h4 19. g4 Rfb8 20. Rd3 Nh7 21. Rfd1 Bf8
22. b3 Ng5 23. Rd7 Qf6 24. R7d3 Ne6 25. Qc1 a5 26. Qe3 a4 27. Rf1 axb3 28. axb3
Ra2 29. Rd2 Rxd2 30. Qxd2 Rxb3 31. Qa2 Rd3 32. Qc2 Qd8 33. Re1 Ng5 34. Kh2
Rxh3+ 35. Bxh3 Nf3+ 36. Kh1 Nxe1 37. Qc3 Qd1 38. Ng1 Nd3 39. Kg2 Nf4+ 40. Kh2
Qxg1+ 0-1

[Event "XXI Festival A"]
[Site "Porto San Giorgio ITA"]
[Date "2009.08.21"]
[Round "1"]
[White "Pepe, Mario"]
[Black "Jovanic, Ognjen"]
[Result "0-1"]
[WhiteElo "2033"]
[BlackElo "2541"]
[PlyCount "80"]
[EventDate "2009.08.21"]

1. e4 c5 2. Nf3 e6 3. d4 cxd4 4. Nxd4 Nc6 5. Be3 Nf6 6. Bd3 d5 7. Nd2 Bd6 8.
Nb5 Be7 9. O-O d4 10. Bg5 a6 11. Bxf6 Bxf6 12. Na3 e5 13. f4 exf4 14. Rxf4 Bg5
15. Rf1 b5 16. Nf3 Be3+ 17. Kh1 O-O 18. Qe1 Qb6 19. Nb1 Be6 20. a3 Na5 21. Nbd2
Nb7 22. b4 Nd6 23. e5 Nf5 24. Ne4 Ne7 25. Neg5 Bf5 26. Qh4 Bxd3 27. cxd3 h6 28.
Ne4 Ng6 29. Qh5 Nf4 30. Qg4 Qg6 31. Qxg6 fxg6 32. Nc5 Rfe8 33. Ra2 g5 34. h3 a5
35. Rfa1 Nd5 36. bxa5 Rxa5 37. Nb7 Ra4 38. Nd6 Rb8 39. Nf5 Rba8 40. N5xd4 Bxd4
0-1

[Event "XXI Festival A"]
[Site "Porto San Giorgio ITA"]
[Date "2009.08.21"]
[Round "1"]
[White "Piccoli, Vincenzo"]
[Black "Ortega, Lexy"]
[Result "0-1"]
[WhiteElo "2007"]
[BlackElo "2437"]
[PlyCount "92"]
[EventDate "2009.08.21"]

1. e4 Nc6 2. Nf3 d6 3. d4 Nf6 4. Nc3 Bg4 5. Bb5 a6 6. Bxc6+ bxc6 7. O-O e6 8.
h3 Bh5 9. Qd3 Be7 10. Ne2 Bg6 11. Ng3 O-O 12. b3 d5 13. Nd2 Bb4 14. c3 dxe4 15.
Qc4 Bd6 16. Qxc6 e3 17. Nde4 exf2+ 18. Rxf2 Nxe4 19. Nxe4 Be7 20. Nc5 Qd6 21.
Qxd6 cxd6 22. Nd7 Rfd8 23. Nb6 Rab8 24. Nc4 Rbc8 25. Rf3 Be4 26. Re3 d5 27. Nd2
Bf5 28. Nf3 h5 29. Bb2 Bd6 30. Ne5 g5 31. g4 hxg4 32. hxg4 Be4 33. Rf1 Rc7 34.
Rh3 Kg7 35. Nd3 f6 36. Nb4 a5 37. Nd3 Rdc8 38. Nf2 Bg6 39. Rf3 a4 40. Nh3 Be7
41. Re3 a3 42. Bc1 Rxc3 43. Rxe6 Bd8 44. Bxa3 Rxh3 45. Bc5 Rg3+ 46. Kh2 Rxg4
0-1